000 00279nam a22001337a 4500
008 170922b xxu||||| |||| 00| 0 eng d
020 _a2900205783365
041 _aeng
080 _a37
100 _a46
101 _aEDU
245 _aTREFFOUNKT
_cGONGLEWSKI
942 _2udc
_cBK
999 _c29298
_d29298